| 000 | 01819nam0a2200337 4500 | ||
|---|---|---|---|
| 001 | RU\NLR\bibl\1748886 | ||
| 005 | 20260409080410.0 | ||
| 021 |
_aRU _b2011-13216 _9943 |
||
| 035 | _a(nilc)RSL-KNO-004898794 | ||
| 035 | _a(NLR Aleph) 001739756 | ||
| 090 |
_a1451874 _c1451874 |
||
| 100 | _a20110309d2010 |||y0rusy50 ca | ||
| 101 | 0 | _arus | |
| 102 | _aRU | ||
| 105 | _aa ||||||||| | ||
| 200 | 1 |
_aМатериалы научно-методической конференции профессорско-преподавательского состава академии "Инновационные технологии в высшем профессиональном образовании", 23-24 сентября 2010 г. _fМ-во сел. хоз-ва Рос. Федерации, ФГОУ ВПО "Ульян. гос. с.-х. акад." |
|
| 210 |
_aУльяновск _cГСХА _d2010 |
||
| 215 |
_a206 с. _cил. _d21 |
||
| 300 | _aБиблиогр. в конце ст. | ||
| 606 |
_aВысшее образование _xИнновации _jСъезды, совещания и т.п. _3RU\NLR\AUTH\6601752542 _92664515 |
||
| 606 |
_aАграрное образование _jСъезды, совещания и т.п. _92381142 _3RU\NLR\auth\661420675 |
||
| 686 | 1 | _aЧ458.88я431 | |
| 686 | 1 | _aЧ481.2я431 | |
| 710 | 0 | 2 |
_aУльяновская государственная сельскохозяйственная академия _bНаучно-методическая конференция профессорско-преподавательского состава _f2010 _3RU\NLR\AUTH\8810180895 _9858241 |
| 801 | 0 |
_aRU _bRuMoRKP _c20110309 _grcr |
|
| 801 | 1 |
_aRU _bRuMoRGB _c20110309 |
|
| 801 | 2 |
_aRU _bNLR _c20110321 _grcr |
|
| 942 | _cBOOK | ||
| 980 | _aNB | ||